000 00186 a2200097 4500
020 _a9781580892438
041 _aeng
100 _aSamantha R. Vamos
245 _aThe cazuela
942 _cBK
999 _c11115
_d11115